000 00795cam a2200241 i 4500
001 3320719
003 EG-ScBUE
005 20250525090106.0
008 840412s1962 enka f 001 0 eng d
040 _aEG-ScBUE
_beng
_erda
_cEG-ScBUE
_dEG-ScBUE
082 0 4 _a533.7
_222
_bJEA
100 1 _aJeans, James Hopwood,
_cSir,
_d1877-1946,
_96195
_eauthor.
245 1 3 _aAn introduction to the kinetic theory of gases /
_cby Sir James Jeans.
264 1 _aCambridge :
_bCambridge University Press,
_c1962.
300 _a311 pages :
_billustrations ;
_c22 cm
336 _2rdacontent
_atext
_btxt
337 _aunmediated
_2rdamedia
_bn
338 _avolume
_bnc
_2rdacarrier
500 _aIncludes index.
650 7 _aKinetic theory of gases.
_96197
_2BUEsh
655 _vReading book
942 _2ddc
_cBB
999 _c11839
_d11839